000
00253nam a2200097Ia 4500
008
220204s9999 xx 000 0 und d
082
_a
632.112
_b
PRO
245
0
_a
Proceedings of the seminar on drought. 1968
260
_a
Bangalore
_b
UAS
_c
1972
942
_c
BK
999
_c
21874
_d
21874